• 首页
  • 本馆介绍
  • 公告通知
  • 最新文献
  • 馆藏检索
  • 电子资源
  • 读者导购
  • 参考咨询
  • 我的图书馆
  • 登录
  • 详细信息显示
  • 放入我的书架
  • 预约/预借图书
  • 作者相关作品
  • 分类相关作品
  • 丛书相关作品
  • 出版社相关作品

书目信息

  • 表格格式
  • 工作单格式
  • 卡片格式
题名:
文学批评原理
    
 
作者: 王先霈 主编
分册:  
出版信息: 武汉   华中师范大学出版社  1999
页数: 284页
开本: 23cm
丛书名:
单 册:
中图分类: I06
科图分类:
主题词: 文学评论--文学理论--高等学校--教材
电子资源:
ISBN: 7-5622-1999-0
000 00858nam0 2200265 45
001 0900000022285
005 20051008173521.81
010    @a7-5622-1999-0@dCNY20.00
100    @a20050122e20041999ekmy0chiy0120 ea
101 0  @achi
102    @aCN@b420000
105    @ay az 000yy
200 1  @a文学批评原理@9wen xue pi ping yuan li@f王先霈主编@Fwang xian pei zhu bian
210    @a武汉@c华中师范大学出版社@d1999@h2004重印
215    @a284页@d23cm
300    @a国家教育部面向21世纪课程教材 文艺学系列教材
300    @a全国普通高等学校优秀教材
320    @a有书目
330    @a本书主森包括:功能论、主体论、文学批评方法、文学批评文本、文学批评的写作等内容。
606 0  @a文学评论@x文学理论@x高等学校@x教材
690    @aI06@v4
701  0 @a王先霈@Awang xian pei@4主编
801  0 @aCN@bTSSF@c20051008
905    @a10447@dI06@e126
999    @aHSJ@eJDD
    
    文学批评原理/王先霈主编.-武汉:华中师范大学出版社,1999(2004重印)
    284页;23cm
    国家教育部面向21世纪课程教材 文艺学系列教材.-全国普通高等学校优秀教材
    
    ISBN 7-5622-1999-0:CNY20.00
    本书主森包括:功能论、主体论、文学批评方法、文学批评文本、文学批评的写作等内容。
●
相关链接 在E读中查询图书 在五车中查询图书 在当当中查询图书 在豆瓣中查询图书


正题名:文学批评原理     索取号:I06/126         预约/预借

序号 登录号 条形码 馆藏地/架位号 状态 备注
1 0364434   3644346   第一样本阅览室/ [索取号:I06/126] 在馆    
2 0364435   3644355   第二借阅区/ [索取号:I06/126] 在馆    
3 0364436   3644364   第二借阅区/ [索取号:I06/126] 在馆    
4 0364437   3644373   第二借阅区/ [索取号:I06/126] 在馆    
5 0364438   3644382   第二借阅区/ [索取号:I06/126] 在馆    
唐山师范学院图书馆 欢迎您!
大连网信软件有限公司© 版权所有